[Event "Yingmei Cup CHN-chT 2017"]
[Site "Guangdong"]
[Date "2017.12.03"]
[Round "20"]
[White "Peng, Xiongjian"]
[Black "Moiseenko, Alexander"]
[Result "0-1"]
[WhiteElo "2412"]
[BlackElo "2674"]
[Annotator "TA"]
[PlyCount "88"]
[EventDate "2017.??.??"]
[EventCountry "CHN"]
[SourceTitle "playchess.com"]
[Source "ChessBase"]
[SourceQuality "1"]

{[%evp 21,88,0,0,-19,-14,-15,-17,-10,0,-12,0,-10,0,0,0,-7,-8,-17,-17,-163,-179,-230,-245,-237,-216,-271,-271,-263,-249,-296,-226,-243,-223,-284,-251,-382,-367,-658,-696,-666,-658,-870,-855,-1213,-1054,-1080,-1043,-1028,-940,-803,-788,-699,-529,-748,-747,-950,-912,-1004,-994,-1004,-1002,-871,-725,-1047,-916,-1019,-995,-4818,-4678]} 1. d4 Nf6 2. c4 e6 3. Nc3 Bb4 4. e3 O-O 5. Nge2 Re8 6. a3 Bf8 7. g3 d5 {E46: Nimzo-Indian: Rubinstein: 4 e3 0-0 5 Ne2 without early Bd3} 8. cxd5 exd5 9. Bg2 a5 10. O-O Na6 11. Nf4 c6 $1 {LiveBook: 11 Games} 12. f3 b5 (12... c5 13. Kh1 Nc7 14. g4 h6 15. Nce2 {0-1 (54) Nakamura,H (2787)-Carlsen,M (2853) chess.com INT 2016}) 13. Qc2 Bb7 14. Rd1 $146 ({Predecessor:} 14. Nd3 Qb6 15. g4 {1-0 (41) Meskovs,N (2469)-Barski,R (2346) Warsaw 2016}) 14... Rc8 15. Qf2 b4 16. axb4 axb4 17. Nce2 c5 18. dxc5 Nxc5 {And now ...Nb3 would win.} 19. Nd4 Qb6 20. Bd2 (20. b3 $11 {and White has nothing to worry.}) 20... g5 $19 21. Bh3 (21. Nfe2 $142) 21... gxf4 22. gxf4 Ra8 23. Kh1 Rxa1 24. Rxa1 Kh8 {Hoping for ...Nd3.} 25. Qh4 {and the idea Bxb4 leaves White hopeful.} Bg7 26. Rg1 {[#]} Rg8 $1 27. Rg3 Ne6 28. Nf5 (28. Bxe6 $142 fxe6 29. Rg6) 28... d4 29. Nxg7 $2 (29. Nh6 Rf8 30. e4) 29... Nxg7 {Black is clearly winning.} 30. e4 {[#]} Bxe4 $1 31. fxe4 Nxe4 32. Be1 Nxg3+ 33. Qxg3 Qc6+ 34. Qg2 Qc1 {aiming for ...Re8.} 35. Qd2 Qxd2 36. Bxd2 {[%mdl 4096] Endgame KRN-KB} Ne6 37. Bf5 b3 38. Be4 Nc5 39. Bf5 Re8 40. Bb4 Ne4 41. Kg2 d3 {[%cal Bd4d3,Bd3d2][%mdl 32]} 42. Kf1 d2 43. Bg4 Rb8 44. Ba3 Ra8 {Precision: White = 17%, Black = 93%.} 0-1

[Event "Yingmei Cup CHN-chT 2017"]
[Site "Guangdong"]
[Date "2017.12.03"]
[Round "20"]
[White "Zhu, Jiner"]
[Black "Guo, Qi"]
[Result "1/2-1/2"]
[WhiteElo "2363"]
[BlackElo "2394"]
[Annotator "TA"]
[PlyCount "68"]
[EventDate "2017.??.??"]
[EventCountry "CHN"]
[SourceTitle "playchess.com"]
[Source "ChessBase"]
[SourceQuality "1"]

{[%evp 28,68,0,12,45,-17,-15,-16,0,0,0,0,0,0,0,0,0,-6,0,0,0,0,0,-6,-6,-6,-7,-10,-6,-8,0,-3,-8,-6,0,0,0,-4,0,0,0,-11,0]} 1. e4 e5 2. Nf3 Nc6 3. Bc4 Bc5 4. O-O Nf6 5. d3 O-O 6. c3 d6 7. Bb3 h6 8. Nbd2 a6 9. h3 Ba7 10. Re1 Re8 11. Nf1 Be6 12. Bc2 {C54: Giuoco Piano: 4 c3 Nf6, main lines with 5 d4 and 5 d3} (12. Be3 Bxe3 13. Nxe3 Qd7 14. Bxe6 Qxe6 15. c4 Ne7 16. Nd5 Nexd5 17. cxd5 Qd7 18. d4 c6 19. dxc6 Qxc6 {½-½ (71) Kramnik,V (2808)-So,W (2812) Stavanger 2017}) 12... d5 13. exd5 Qxd5 14. Ng3 Rad8 15. Qe2 {[#] LiveBook: 9 Games} Bc8 $146 ({Predecessor:} 15... Qd7 16. Be3 Bb6 17. a4 Nd5 18. Bxb6 cxb6 19. Nxe5 Nxe5 20. Qxe5 Bxh3 {1-0 (49) Shimanov,A (2623)-Goganov,A (2592) Sochi 2017}) 16. Ne4 (16. b4 $14) 16... Nxe4 $11 {The position is equal.} 17. dxe4 Qd6 18. Be3 Bxe3 19. Qxe3 Qe7 20. Rad1 Rxd1 21. Rxd1 Rd8 22. Rxd8+ Qxd8 23. Ba4 b5 24. Bb3 Qd6 25. Qd2 (25. Bd5 {is more complex.} Ne7 26. c4 c6 27. c5 Qf6 28. Bb3) 25... Qxd2 26. Nxd2 {[%mdl 4096] Endgame KBN-KBN} Kf8 27. Kf1 Ke7 28. Ke2 f6 29. Bd5 Nd8 30. b4 Be6 31. Bxe6 Nxe6 32. Nb3 Kd6 33. Ke3 c5 34. g3 c4 {Precision: White = 71%, Black = 76%.} 1/2-1/2

[Event "Yingmei Cup CHN-chT 2017"]
[Site "Guangdong"]
[Date "2017.12.03"]
[Round "20"]
[White "Zhang, Xiaowen"]
[Black "Wang, Jue"]
[Result "1/2-1/2"]
[WhiteElo "2328"]
[BlackElo "2352"]
[Annotator "NA"]
[PlyCount "71"]
[EventDate "2017.??.??"]
[EventCountry "CHN"]
[SourceTitle "playchess.com"]
[Source "ChessBase"]
[SourceQuality "1"]
[TimeControl "5400+30"]

{[%evp 16,55,15,9,29,16,28,0,13,-10,10,10,18,0,0,0,0,0,0,0,4,-82,-69,-48,-73,-91,-94,-93,-79,-81,-20,-36,-20,-31,-34,32767,32767,32767,32767,32767,32767,-50]} 1. e4 e5 2. Nf3 Nc6 3. Nc3 Nf6 4. Bb5 Bc5 5. O-O O-O 6. d3 Re8 {C48: Four Knights: 4 Bb5, replies other than 4...Bb4} (6... Nd4 7. Nxe5 d6 8. Nf3 Bg4 9. Be3 c6 10. Bxd4 Bxd4 11. Bc4 Nd7 12. h3 Bxf3 13. Qxf3 Qa5 14. Qf4 {1-0 (92) Mamedov,R (2678)-Melkumyan,H (2642) Heraklio 2017}) 7. Bg5 a6 8. Ba4 h6 9. Bh4 b5 10. Bb3 Be7 11. Bg3 $146 ({Predecessor:} 11. a4 b4 12. Bxf6 Bxf6 {½-½ (25) Faibisovich,V (2372)-Kuljasevic,D (2564) Rethymno 2012}) 11... d6 12. a4 Rb8 13. axb5 axb5 14. Nd5 Nxd5 15. Bxd5 Nb4 16. Bb3 c5 17. c3 Nxd3 18. Qxd3 (18. Bxf7+ $11 {keeps the balance.} Kxf7 19. Qxd3) 18... c4 19. Bxc4 bxc4 20. Qxc4 Rxb2 21. Ra8 Qd7 22. Ne1 Bb7 (22... Rd8 $17 23. Nd3 Qb7) 23. Rxe8+ Qxe8 24. Nd3 Rb5 25. f3 Qc6 26. Qa4 Bg5 27. Bf2 Rb6 28. Qa7 $15 Rb3 29. h4 Bd2 30. Nb4 Qxc3 31. Qxb7 Rxb4 32. Qa8+ Kh7 33. Qd5 Kg8 34. Qa8+ Kh7 35. Qd5 Kg8 36. Qa8+ 1/2-1/2

[Event "Yingmei Cup CHN-chT 2017"]
[Site "Guangdong"]
[Date "2017.12.03"]
[Round "20"]
[White "Xiao, Yiyi"]
[Black "Muzychuk, Anna"]
[Result "0-1"]
[WhiteElo "2310"]
[BlackElo "2582"]
[Annotator "TA"]
[PlyCount "54"]
[EventDate "2017.??.??"]
[EventCountry "CHN"]
[SourceTitle "playchess.com"]
[Source "ChessBase"]
[SourceQuality "1"]

{[%evp 18,54,17,16,56,54,45,37,41,12,17,0,78,60,148,0,-12,-62,0,-29,-34,-63,-66,-88,-73,-337,-329,-349,-345,-393,-415,-450,-443,-562,-554,-570,-593,-864,-820]} 1. d4 {[%cal Bd2d4,Bd4d5][%mdl 32]} f5 2. e4 fxe4 3. Nc3 Nf6 4. Bg5 Nc6 5. d5 Ne5 6. Qe2 c6 {A83: Dutch Defence: Staunton Gambit with 3 Nc3 Nf6 4 Bg5} 7. Bxf6 gxf6 8. Qh5+ Nf7 9. O-O-O cxd5 10. Qxd5 {LiveBook: 4 Games} Bh6+ 11. Kb1 e6 12. Qxe4 f5 13. Qa4 $146 ({Predecessor:} 13. Qb4 Qe7 14. Qxe7+ Kxe7 {½-½ (56) Radjabov,T (2476)-Danielsen,H (2519) Torshavn 2000}) 13... Bg7 14. Nge2 b5 (14... O-O $11) 15. Nxb5 $16 {Hoping for Nf4.} Qb6 (15... O-O $14) 16. Ned4 $2 (16. Ng3 $16) 16... O-O $11 17. f4 a6 ({Black should try} 17... d5 $15 18. c3 Bd7) 18. Na3 Rb8 $36 {[%csl Gb8][%cal Rb6b2][%mdl 2048] [#] Black is pushing.} 19. Nc4 Qc7 20. Be2 Qxf4 21. Nb3 $2 {[%mdl 8192]} (21. Na5 $17) 21... d5 $19 22. g3 Qf2 23. Bh5 dxc4 24. Bxf7+ Rxf7 {Black is clearly winning.} 25. Qxc4 Bb7 {Strongly threatening ...Rc8.} 26. Rhf1 Qb6 27. g4 Rc8 {Precision: White = 29%, Black = 54%.} 0-1

[Event "Yingmei Cup CHN-chT 2017"]
[Site "Guangdong"]
[Date "2017.12.03"]
[Round "20"]
[White "Ren, Xiaoyi"]
[Black "Muzychuk, Mariya"]
[Result "1/2-1/2"]
[WhiteElo "2254"]
[BlackElo "2544"]
[Annotator "TA"]
[PlyCount "302"]
[EventDate "2017.??.??"]
[EventCountry "CHN"]
[SourceTitle "playchess.com"]
[Source "ChessBase"]
[SourceQuality "1"]

{[%evp 19,301,-36,-35,-48,-47,-82,-77,-103,-100,-102,-107,-106,-107,-149,-94,-119,-84,-113,-73,-69,-77,-87,-89,-79,-67,-60,-41,-83,-66,-105,-31,-71,-70,-210,-214,-197,-141,-133,-175,-132,-140,-127,-34,-40,-30,-39,-35,-31,-32,-36,-14,-16,37,-9,-8,-8,-8,-12,-8,-13,-13,-20,-11,-66,-66,-66,-66,-66,-66,-66,-66,-66,-66,-66,-66,-66,-66,-66,-66,-66,-66,-66,-66,-66,-66,-66,-39,-39,-39,-39,-39,-39,-39,-39,0,0,0,-39,-39,-39,-39,-39,-39,-39,-39,-39,-39,-39,0,0,0,0,0,-39,-39,-39,-39,-39,-39,-39,-39,-39,-39,-39,-31,-31,-31,-31,-31,-31,-31,-31,-31,-31,-31,-81,-31,-79,-31,-31,-31,-31,-31,-31,-31,-31,-31,-31,-31,-31,-31,-31,-31,-31,-31,-31,0,-31,-31,-31,-31,-31,-31,-31,-31,-31,0,-31,-31,-31,-31,-31,-12,-81,-82,-121,-121,-121,-121,-121,-121,-121,-67,-68,-21,-121,-121,-121,-121,-164,-121,-121,-121,-121,-101,-102,-88,-121,-121,-121,-121,-121,-121,-121,-121,-121,-121,-121,-121,-104,-20,-88,-88,-121,-72,-110,-88,-121,-110,-121,-121,-121,-110,-114,0,-88,0,0,0,0,0,-121,-121,-867,-758,-5324,-5381,-12349,-12341,-4141,-8059,-1585,-1542,-1304,-1304,-1304,-1241,-963,-957,-919,-937,-937,-19,-25,-27,-12832,-12791,-29936,-29948,-29942,-12636,-29957,-12464,-29966,-29952,-431,-6459,-657,-5594,-29964,-29965,-29981,-29958,-8196,-6224,-4715,-1416,-1167,0,0,0,0,0,0]} 1. d4 d5 2. Nf3 Nf6 3. g3 Bf5 4. Bg2 c6 5. O-O Nbd7 6. Nbd2 h6 7. c4 e6 8. Qb3 {D11: Slav Defence: 3 Nf3 sidelines and 3...Nf6 4 e3 Bg4} Qc7 9. Re1 Bd6 10. c5 Be7 {LiveBook: 3 Games} 11. Qc3 a5 12. b3 $146 ({Predecessor:} 12. a3 a4 13. b4 axb3 14. Nxb3 Ne4 15. Qb2 b6 16. cxb6 Qxb6 {0-1 (62) Matnadze,A (2390)-Korneev,O (2625) Linares 2013}) 12... b6 {[%cal Rb6c5]} 13. cxb6 Qxb6 14. a3 O-O 15. Bb2 c5 16. Rac1 Rfb8 (16... Rfc8 $142 17. a4 Qa6) 17. dxc5 $17 Nxc5 ({Worse is} 17... Qxc5 18. Nd4 $14) 18. Nd4 Bg6 19. a4 Kh7 20. Ba1 Rc8 21. Qb2 e5 22. Nb5 Ncd7 23. Bh3 Bb4 24. Rf1 Rc5 (24... Bxd2 $17 25. Qxd2 Rxc1 26. Rxc1 d4) 25. Nf3 d4 26. Nd2 (26. Rxc5 $15 Bxc5 27. Nd2) 26... Bxd2 $19 27. Qxd2 Rac8 (27... Ne4 $19 28. Qa2 Rd8) 28. Rxc5 Rxc5 29. b4 axb4 30. Qxb4 d3 (30... Kg8 $17 31. Bb2 Rc2) 31. exd3 $1 $15 Bxd3 32. Rd1 $1 {[%cal Rd1d3]} Rc2 33. Qe1 Re2 34. Qf1 e4 35. Bd4 Qb7 (35... Qa5 $11) 36. Bg2 Rd2 $1 37. Qe1 $132 {[%mdl 2048] White is not keeping still} Rxd1 38. Qxd1 Bxb5 39. axb5 Qxb5 40. Qc2 Qd5 41. Bxf6 (41. Qc3 $11) 41... Nxf6 42. h3 g6 43. Kf1 Qd4 44. Qe2 Kg7 45. Qe1 Kf8 46. Qc1 Qd3+ 47. Kg1 Kg7 48. Qe1 g5 49. Bf1 Qd4 50. Bg2 Kg6 51. Qe2 Qd3 52. Qe1 h5 53. Bf1 Qd4 54. Bg2 Kf5 55. Qa5+ Qd5 56. Qc7 Nd7 57. Qc8 Qe6 58. Qh8 Nf6 59. Qb8 Qe5 60. Qc8+ Kg6 61. Qc2 Qd4 62. Qb1 Qd3 63. Qe1 Kf5 64. Qa5+ Nd5 65. Qc5 Kg6 66. Qd6+ Nf6 67. Qe5 Qd1+ 68. Kh2 Qe2 69. Qd4 Qc2 70. Qe3 Qd3 71. Qe1 h4 72. gxh4 gxh4 73. Kg1 Kf5 74. Qa5+ Qd5 75. Qc7 Nh5 76. Qc8+ Qe6 77. Qd8 Nf6 78. Qd4 Qd5 79. Qe3 Qd1+ 80. Kh2 Qd3 {aiming for ...Qxe3.} 81. Qh6 Qd6+ 82. Kg1 Qf4 83. Qf8 Qc1+ 84. Kh2 $1 Qc7+ (84... Qc2 {with more complications.} 85. Kg1 Qd1+ 86. Bf1 Kg6 87. Qb4 Kg7) 85. Kg1 Kg6 86. Qa3 Qf4 87. Qc3 Kg5 88. Qc5+ Qf5 89. Qe3+ Kg6 90. Qd4 Qg5 91. Kh2 Qf4+ 92. Kg1 Kf5 93. Qc5+ Qe5 94. Qc8+ Qe6 95. Qc5+ Nd5 96. Qb5 (96. Bf1 $1 $11 {keeps the balance.}) 96... Kg6 $17 97. Bf1 Nf4 {And now ...e3 would win.} 98. Qb8 Qf6 ({Of course not} 98... Nxh3+ $6 99. Bxh3 Qxh3 100. Qg8+ Kh6 101. Qf8+ Kg5 102. Qg7+ Kf4 103. Qh6+ Kf5 104. Qh7+ Ke5 105. Qh8+ Kd5 106. Qa8+ Kc5 107. Qf8+ Kb5 108. Qe8+ Ka5 109. Qe5+ Kb6 110. Qd6+ Kb7 111. Qe7+ Kc6 112. Qxe4+ Kd6 113. Qg2 $11) 99. Qg8+ Qg7 100. Qe8 Kf5+ ({Better is} 100... Kh7+ $17 101. Kh1 f5) 101. Kh1 $15 Ne6 102. Qe7 (102. Be2 $11) 102... Qf6 $1 $17 {[%cal Rf6e7]} 103. Qd7 Kg6 104. Qd2 Ng5 105. Bg2 Qf5 106. Qe3 Nf3 107. Qb6+ Qf6 108. Qa7 Ng5 109. Qa8 Qd4 110. Qg8+ Kh6 111. Qf8+ Kh7 112. Qe7 Kg6 $1 113. Kg1 Qd5 114. Qe8 Kf5 (114... Qd1+ $17 115. Kh2 Qd4) 115. Qc8+ (115. Qh8 $1 $11) 115... Qe6 $1 {[%cal Re6c8]} 116. Qc5+ Kf6 117. Qd4+ Qe5 118. Qd8+ Kg7 119. Qd2 Kg6 120. Qe2 Qf5 121. Qe3 Kg7 ({Black should try} 121... f6 $17 122. Qb3 Qc8) 122. Qc3+ (122. Qa7 $11) 122... Qf6 (122... f6 $1 $17 123. Qc7+ Kg6) 123. Qc5 Kg6 124. Qc2 Qe6 125. Qc3 (125. Kh1 $11) 125... f5 126. Qh8 $2 {[%mdl 8192]} (126. Kh1 $17) 126... e3 $19 127. fxe3 Qxe3+ 128. Kh2 Qg3+ 129. Kh1 Qe1+ 130. Kh2 {[#]} Nf3+ $1 {[%mdl 512]} 131. Bxf3 Qg3+ 132. Kh1 Qxf3+ {[%mdl 4096] Endgame KQ-KQ} 133. Kg1 Qg3+ 134. Kh1 Qxh3+ 135. Kg1 Qe3+ $2 (135... Qg4+ $19 136. Kf2 Qf4+ 137. Kg2 Qg3+ 138. Kh1 Qf3+ 139. Kh2 Qe4) 136. Kh2 Qe2+ 137. Kg1 $2 {[%mdl 8192]} (137. Kh3 $11) 137... Qe7 138. Kh2 Kg5 139. Qg8+ Kf4 140. Qc4+ Qe4 141. Qc1+ Kg4 142. Qg1+ {[#]} Kh5 $1 143. Qd1+ {[#]} Qg4 $1 {[%cal Rg4d1]} 144. Qd7 Qe2+ 145. Kh1 Qe4+ 146. Kh2 Qe5+ 147. Kh1 Qe1+ (147... Qa1+ $142 148. Kg2 Qb2+ 149. Kg1 Qc2) 148. Kh2 Kg4 $2 ({Black should play} 148... Qf2+ $19 149. Kh1 Qc2) 149. Qg7+ $11 {The position is equal.} Kf3 {( -> ...Qg3+)} 150. Qg2+ $1 Kf4 $2 {[%mdl 8192]} (150... Ke3 151. Qg5+ Kd4 152. Qxf5 Qe7) 151. Qf1+ $1 Qxf1 {Precision: White = 54%, Black = 60%.} 1/2-1/2

[Event "Yingmei Cup CHN-chT 2017"]
[Site "Guangdong"]
[Date "2017.12.03"]
[Round "20"]
[White "Ning, Kaiyu"]
[Black "Zhao, Xue"]
[Result "0-1"]
[WhiteElo "2173"]
[BlackElo "2484"]
[Annotator "TA"]
[PlyCount "66"]
[EventDate "2017.??.??"]
[EventCountry "CHN"]
[SourceTitle "playchess.com"]
[Source "ChessBase"]
[SourceQuality "1"]

{[%evp 9,66,8,18,25,27,8,45,68,35,9,29,-2,18,-26,-26,-29,-27,-11,-16,-1,0,0,-2,-26,-16,-22,-31,-25,0,0,0,-37,-12,-103,-30,-39,0,-3,0,0,0,0,0,-44,-33,-430,-413,-427,-414,-343,-213,-714,-678,-754,-761,-769,-736,-29977,-29962]} 1. Nf3 Nf6 2. c4 e6 3. e3 b6 (3... d5 4. b3 c5 5. Bb2 Nc6 6. cxd5 exd5 7. d4 cxd4 8. Nxd4 Bb4+ 9. Bc3 Qb6 10. Bb5 O-O 11. Nxc6 Bxc3+ 12. Nxc3 bxc6 13. Be2 c5 14. O-O Be6 15. Na4 {½-½ (81) Sambuev,B (2522)-Wei,Y (2753) Tbilisi 2017}) 4. b3 Bb7 5. Bb2 d6 6. d4 {A13: English Opening: 1...e6} Nbd7 7. Be2 g5 $146 ({Predecessor:} 7... g6 8. O-O Bg7 9. Nc3 O-O 10. Rc1 Qe7 11. b4 a5 12. a3 d5 13. cxd5 axb4 14. axb4 Qxb4 15. dxe6 Qxb2 16. exd7 Nxd7 17. Nd2 Qb4 {1-0 (40) Antipov,M (2565)-Derakhshani,B (2265) Abu Dhabi 2016}) 8. h3 {White is slightly better.} Rg8 9. g4 c5 10. dxc5 bxc5 11. Nbd2 a5 12. a4 Nb8 13. Nb1 Bg7 14. Na3 Na6 15. Nb5 Ke7 16. Rg1 h6 17. Nd2 Nb4 18. Bc3 Ne4 19. Bxg7 Rxg7 20. f3 Nf6 $1 21. Kf2 {[#]} (21. Nf1 $11) 21... Qb6 (21... Qh8 $1 $17 22. Nxd6 Bc6) 22. Qc1 Rd8 23. Qb2 Rgg8 24. Rad1 Bc6 25. e4 Nd7 26. Nb1 Ne5 27. Nxd6 $2 {[%mdl 8192] [#]} ({White should play} 27. N1c3 $15) 27... f6 $1 $19 28. Nb5 Nbd3+ 29. Bxd3 Rxd3 30. Nd2 $2 (30. Qxe5 Rxd1 31. Qc3 Rxg1 32. Kxg1) 30... Rgd8 31. Qc2 Bxb5 32. axb5 Qd6 33. Ke2 Qd4 {Precision: White = 32%, Black = 71%.} 0-1

[Event "Yingmei Cup CHN-chT 2017"]
[Site "Guangdong"]
[Date "2017.12.03"]
[Round "20"]
[White "Sun, Fanghui"]
[Black "Gu, Tianlu"]
[Result "1-0"]
[WhiteElo "2126"]
[BlackElo "2187"]
[Annotator "NA"]
[PlyCount "119"]
[EventDate "2017.??.??"]
[EventCountry "CHN"]
[SourceTitle "playchess.com"]
[Source "ChessBase"]
[SourceQuality "1"]
[TimeControl "5400+30"]

1. e4 c5 2. c3 Nf6 3. e5 Nd5 4. d4 cxd4 5. Nf3 Nc6 6. cxd4 {LiveBook: 2292 Games} d6 7. Bc4 dxe5 8. dxe5 Ndb4 9. Qb3 e6 {B22: Sicilian: 2 c3} 10. Bg5 (10. O-O Na5 11. Bb5+ Bd7 12. Qa4 Bxb5 13. Qxb5+ Nac6 14. Nc3 a6 15. Qe2 Qd3 16. Rd1 Qxe2 17. Nxe2 {0-1 (44) Paichadze,L (2556)-Kasimdzhanov,R (2712) Nakhchivan 2015}) 10... Qa5 $146 ({Predecessor:} 10... Qd7 11. Bb5 a6 12. Be2 h6 13. Bd2 b5 14. O-O Bb7 15. a3 Nd5 16. Nc3 Na5 17. Qd1 {0-1 (39) Santos,J (2193)-Perunovic,M (2604) Lisbon 2017}) 11. O-O Nxe5 12. Nxe5 Qxe5 13. Bd2 Nc6 14. Re1 Qc7 15. Nc3 Be7 16. Nb5 Qb8 17. Re4 O-O $1 18. Rae1 (18. Bc3 $11 {remains equal.}) 18... a6 19. Bf4 e5 $2 (19... axb5 $17 {stays on course.} 20. Bxb8 bxc4 21. Rxc4 Nxb8) 20. Bxe5 Nxe5 $18 21. Rxe5 Bd7 22. Rxe7 Bxb5 23. Bxf7+ Kh8 24. Qe3 Qd6 25. Qg5 Qd4 26. h3 Rac8 27. Qe3 Qxb2 28. Rxb7 Qf6 29. Qe7 Qd4 30. Qe3 Qf6 31. Qe7 Qd4 32. Qe5 Qxe5 33. Rxe5 Rb8 34. Ra7 Ra8 35. Ree7 Rxa7 36. Rxa7 Bd3 37. Bd5 h6 38. Ra8 Rxa8 39. Bxa8 Kg8 40. f4 Kf7 41. Kf2 Kf6 42. Ke3 Bf1 43. h4 Kf5 44. Kf3 Bd3 45. Bb7 Kf6 46. Ke3 Bf1 47. g3 Kf5 48. Bc8+ Kf6 49. Kd4 Ke7 50. Kc5 Kd8 51. Be6 a5 52. Bc4 Bg2 53. Kb5 Ke7 54. Kxa5 Kf6 55. Bb5 Bd5 56. a4 Kf5 57. Bd7+ Ke4 58. Kb6 Ke3 59. a5 Kf2 60. a6 1-0

[Event "Yingmei Cup CHN-chT 2017"]
[Site "Guangdong"]
[Date "2017.12.03"]
[Round "20"]
[White "Du, Yuxin"]
[Black "Tan, Zhongyi"]
[Result "0-1"]
[WhiteElo "2120"]
[BlackElo "2523"]
[Annotator "TA"]
[PlyCount "68"]
[EventDate "2017.??.??"]
[EventCountry "CHN"]
[SourceTitle "playchess.com"]
[Source "ChessBase"]
[SourceQuality "1"]

{[%evp 13,68,8,5,0,0,0,0,0,0,-48,-41,-30,-3,-18,-24,-28,-34,-93,-17,-255,-250,-252,-114,-100,-104,-98,-97,-114,-100,-155,-156,-162,-159,-172,-175,-191,-77,-120,-105,-224,-215,-412,-303,-471,-487,-483,-483,-447,-467,-505,-527,-521,-500,-598,-594,-592,-591]} 1. e4 e5 2. Nf3 Nc6 3. Bb5 a6 4. Ba4 Nf6 5. d3 Bc5 6. O-O d6 7. c3 Ba7 {LiveBook: 28 Games. C78: Ruy Lopez: Archangelsk and Möller Defences} 8. Bg5 h6 9. Bh4 Bd7 {The position is equal.} 10. Nbd2 Qe7 11. Re1 $146 ({Predecessor:} 11. b4 g5 12. Bg3 Nh7 13. d4 h5 14. Bxc6 Bxc6 15. Bxe5 {0-1 (28) Asis Gargatagli,H (2520)-Fressinet,L (2667) Barcelona 2017}) 11... g5 {[%cal Bg7g5,Bg5g4][%mdl 32]} 12. Bg3 O-O-O 13. b4 h5 $36 {[%mdl 2048] White must now prevent ...h4. White is under pressure.} 14. h4 $1 ({But not} 14. Nxg5 $2 h4 $19) 14... g4 15. Ng5 {[#]} (15. Nh2 $15) 15... Ng8 (15... Rdf8 $1 $17 {And now ...Ne8 would win.} 16. b5 axb5 17. Bxb5 Nd8) 16. d4 $2 {[#]} (16. Bxc6 $11 {and White stays safe.} Bxc6 17. Qb3) 16... f6 $1 $19 {[%cal Rf6g5]} ({Not} 16... exd4 17. Bxc6 Bxc6 18. e5 $15) 17. Ne6 Qxe6 (17... Bxe6 $19 {is more deadly.} 18. Bxc6 bxc6) 18. d5 $17 Qe8 {Strongly threatening ...Nce7.} 19. dxc6 Bxc6 20. Bxc6 Qxc6 21. c4 (21. Qb3 $142) 21... Ne7 22. Qb3 Bd4 23. b5 Qb6 24. Rab1 c5 (24... Rhf8 $19 {has better winning chances. Hoping for ...f5.} 25. a4 Kb8) 25. bxa6 Qxa6 26. Qb5 (26. a3 $17) 26... Kc7 27. Rb3 $2 (27. Qxa6 bxa6 28. Kf1) 27... Ra8 28. Reb1 (28. Qxa6 {is a better defense.} Rxa6 29. Reb1) 28... Qxb5 $19 {Black is clearly winning.} 29. Rxb5 Rhb8 30. Nb3 Nc6 31. Nxd4 Nxd4 32. R5b2 Ra4 33. Rc1 Rba8 34. Rcb1 R8a7 {Precision: White = 17%, Black = 60%.} 0-1

[Event "Yingmei Cup CHN-chT 2017"]
[Site "Guangdong"]
[Date "2017.12.03"]
[Round "20"]
[White "Hong, Xing"]
[Black "Harika, Dronavalli"]
[Result "1/2-1/2"]
[WhiteElo "2023"]
[BlackElo "2528"]
[Annotator "TA"]
[PlyCount "116"]
[EventDate "2017.??.??"]
[EventCountry "CHN"]
[SourceTitle "playchess.com"]
[Source "ChessBase"]
[SourceQuality "1"]

{[%evp 9,116,39,41,0,25,6,49,47,60,54,58,12,12,-17,8,0,0,0,0,0,0,-18,42,36,22,0,0,0,0,0,0,0,0,0,0,0,0,-7,0,0,0,-26,-4,-4,-11,-11,-15,-5,0,0,0,-3,0,0,0,0,0,0,0,0,0,0,0,0,-2,-10,-9,-9,-9,-32,-12,-32,0,0,0,0,0,0,0,0,0,0,0,0,0,0,0,0,0,0,0,-10,0,-6,-7,-20,0,0,0,0,0,0,0,0,0,0,0,0,0]} 1. e4 d6 2. d4 Nf6 3. Nc3 g6 4. Bg5 c6 5. f3 (5. Qd2 Bg7 6. Bh6 Bxh6 7. Qxh6 e5 8. O-O-O Qe7 9. h3 Nbd7 10. Nf3 a6 11. Bd3 b5 12. Rhe1 Bb7 13. Kb1 Ng8 14. Qe3 Ngf6 15. Qh6 Ng8 16. Qe3 Ngf6 {½-½ (16) Gharamian,T (2626)-Bachmann,A (2646) Chartres 2017}) 5... Nbd7 {LiveBook: 5 Games} 6. Bd3 {B07: Pirc Defence: Miscellaneous Systems} Qc7 $146 ({Predecessor:} 6... b5 7. a3 Bg7 8. Qd2 h6 9. Be3 a6 10. Nh3 Qc7 11. Nf2 c5 12. d5 Ne5 {1-0 (32) Plani,A (1952)-Skoberne,R (2122) Nova Gorica 2006}) 7. Qd2 h6 8. Be3 {White is slightly better.} Bg7 9. Nge2 a6 10. h4 h5 11. Bg5 b5 12. Nd1 e5 13. c3 O-O 14. Bh6 d5 15. exd5 cxd5 (15... Nxd5 $11 16. O-O exd4) 16. Bxg7 $14 Kxg7 17. dxe5 Nxe5 18. O-O Re8 19. Nf2 Bd7 20. Nd4 Nc6 21. Nxc6 Bxc6 22. Nh3 Rad8 23. Qf2 {[#]} d4 $1 {[%mdl 512]} 24. cxd4 Qd6 25. Rfc1 Nh7 26. Bf1 Bd7 27. g3 Bxh3 28. Bxh3 Qxd4 29. Qxd4+ Rxd4 30. Rc2 Nf6 31. Kf2 Nd5 32. Re1 Rd8 33. a3 Nb6 34. Bf1 R8d6 35. Rec1 Nc4 36. Bxc4 bxc4 37. Rxc4 $11 {[%mdl 4096] Endgame KRR-KRR} Rd2+ 38. Ke3 $1 Rxb2 39. R1c3 a5 40. Rc5 Ra6 41. Rc2 {The position is equal.} Rb3+ 42. R2c3 a4 43. Kd4 Rd6+ 44. Ke4 Rb1 45. Rc1 Re6+ 46. Kf4 Rb8 47. R5c4 Rb5 {[%csl Gg6][%cal Rb5f5] [#]} 48. Rc5 Rb3 {Threatens to win with ...Rf6+.} 49. R1c3 Reb6 50. Ke4 Re6+ 51. Kd3 Rb2 52. Rc2 Rb1 53. Rc1 $1 {[%cal Rc1b1]} Rd6+ 54. Ke3 Re6+ 55. Kd3 Rb8 56. R5c4 Rd6+ 57. Ke3 Re8+ 58. Re4 Ra8 {Precision: White = 70%, Black = 56%.} 1/2-1/2